Länder der Welt ohne Binnen- und Inselstaaten - Statistiken

Allgemein
  • Dieses Quiz wurde 1.492 mal gespielt
  • Das Durchschnittsergebnis liegt bei 78 aus 103
Antwortstatistiken
Länder % Korrekt
Europa Deutschland
92%
Europa Frankreich
92%
Europa Russland
92%
Europa Spanien
92%
Europa Portugal
91%
Europa Schweden
91%
Europa Finnland
90%
Nordamerika Kanada
90%
Nordamerika Vereinigte Staaten
90%
Europa Italien
89%
Europa Norwegen
89%
Afrika Ägypten
88%
Südamerika Brasilien
87%
Europa Estland
87%
Europa Griechenland
87%
Europa Lettland
87%
Europa Albanien
86%
Europa Belgien
86%
Südamerika Chile
86%
Asien China
86%
Europa Litauen
86%
Nordamerika Mexiko
86%
Afrika Algerien
85%
Südamerika Argentinien
85%
Europa Dänemark
85%
Europa Kroatien
85%
Europa Niederlande
85%
Afrika Südafrika
85%
Afrika Marokko
83%
Nordamerika Panama
83%
Asien Indien
82%
Südamerika Peru
82%
Europa Polen
82%
Südamerika Kolumbien
81%
Afrika Tunesien
80%
Südamerika Venezuela
80%
Europa Bosnien und Herzegowina
79%
Afrika Angola
78%
Südamerika Ecuador
78%
Asien Iran
78%
Afrika Libyen
78%
Asien Türkei
78%
Nordamerika Honduras
77%
Asien Israel
77%
Asien Saudi-Arabien
77%
Europa Bulgarien
76%
Nordamerika Costa Rica
76%
Nordamerika Guatemala
76%
Asien Jemen
76%
Nordamerika Nicaragua
76%
Asien Oman
76%
Südamerika Uruguay
76%
Nordamerika Belize
75%
Asien Pakistan
75%
Europa Slowenien
75%
Asien Thailand
75%
Asien Vietnam
75%
Nordamerika El Salvador
74%
Südamerika Guyana
74%
Asien Irak
74%
Afrika Kenia
74%
Afrika Namibia
74%
Europa Rumänien
74%
Afrika Somalia
74%
Südamerika Suriname
74%
Afrika Senegal
73%
Asien Südkorea
73%
Afrika Ghana
72%
Europa Montenegro
72%
Afrika Mosambik
72%
Asien Nordkorea
72%
Afrika Togo
72%
Afrika Tansania
71%
Europa Ukraine
71%
Afrika Elfenbeinküste
70%
Afrika Eritrea
70%
Afrika Benin
68%
Afrika Gambia
68%
Asien Libanon
67%
Europa Monaco
67%
Asien Syrien
67%
Afrika Guinea
66%
Asien Katar
66%
Afrika Dschibuti
65%
Asien Kambodscha
65%
Afrika Kamerun
65%
Afrika Mauretanien
65%
Asien Myanmar
65%
Asien Bangladesch
64%
Afrika Gabun
64%
Asien Jordanien
62%
Afrika Kongo, Demokratische Republik
62%
Afrika Kongo, Republik
62%
Afrika Liberia
62%
Afrika Sierra Leone
62%
Asien Kuwait
61%
Afrika Nigeria
60%
Afrika Guinea-Bissau
59%
Afrika Äquatorialguinea
58%
Asien Vereinigte Arabische Emirate
58%
Asien Malaysia
57%
Afrika Sudan
55%
Asien Georgien
49%
Keine übereinstimmenden Quizze gefunden
Verteilung der Resultate
Anzahl Personen mit jedem Resultat
Perzentil nach korrekt beantworteten Fragen
Ihre Resultats-Entwicklung
Sie haben dieses Quiz noch nicht gespielt